Statistics for Canadian Provinces from Bollards (Geoguessr)

Click here to take the quiz!

General Stats

  • This quiz has been taken 80 times
  • The average score is 5 of 6

Answer Stats

Answer% Correct
Alberta
94%
Québec
88%
British Columbia
82%
Manitoba/Saskatchewan
82%
Manitoba
69%
Northwest Territories
51%

Score Distribution

Percentile by Number Answered

Percent of People with Each Score

Your Score History

You have not taken this quiz